000 00865nas a2200289 4500
001 BR2014007010
003 BR-BrBNA
005 20231205124710.0
007 ta
008 230509b bl.|||p| |||| 00| 00por d
040 _aBR-BrBNA
_bpor
_cBiblioteca Nacional de Agricultura
041 _a(Pt)
072 _aM12
100 1 _aSouza, R.C.
100 1 _aCampeche, D.F.B.
100 1 _aCampos, R.M.L.
100 1 _aFigueiredo, R.A.C.R.
100 1 _aMelo, J.F.B.
245 1 _aFrequência de alimentação para juvenis de tambaqui
650 _aTAMBAQUI
650 _aNUTRIÇÃO ANIMAL
650 _aGANHO DE PESO
650 _aALEVINO
773 0 _tArquivo Brasileiro de Medicina Veterinária e Zootecnia (Brazil)
_xISSN 0102-0935
_g(Jun 2014), v. 66(3) p. 927-932
_wBR2014007010
909 _a202311
_bLúcia
_c55
_dLúcia Elande
942 _2AGRIS
_n0
_cANA
999 _c240440
_d240440